| 000 | 00932cam a2200289 i 4500 | ||
|---|---|---|---|
| 999 |
_c19250 _d19250 |
||
| 001 | 357107 | ||
| 003 | BDDh-ASL | ||
| 005 | 20231015025750.0 | ||
| 008 | 770127s1976 ii b 001 0 eng | ||
| 010 | _a 76902888 | ||
| 020 | _cRs65.00 ($13.00 U.S.) | ||
| 040 |
_aDLC _cDLC _dBDDh-ASL |
||
| 043 |
_aa-ii--- _aa-bg--- |
||
| 050 | 0 | 0 |
_aDS485.B49 _bS46 1976 |
| 082 | 0 | 0 |
_a320.9541 _bSEM |
| 100 | 1 | _aSen, Shila. | |
| 245 | 1 | 0 |
_aMuslim politics in Bengal, 1937-1947 / _cShila Sen. |
| 260 |
_aNew Delhi : _bImpex India, _c1976. |
||
| 300 |
_aviii, 310 p. ; _c22 cm. |
||
| 500 | _aOriginally presented as the author's thesis, Jawaharlal Nehru University, 1975. | ||
| 500 | _aIncludes index. | ||
| 504 | _aBibliography: p. [289]-297. | ||
| 650 | 0 |
_aMuslims _xPolitical activity _zIndia _zBengal. |
|
| 651 | 0 |
_aBengal (India) _xPolitics and government. |
|
| 906 |
_a7 _bcbc _corignew _d4 _encip _f19 _gy-gencatlg |
||
| 942 |
_2ddc _cBK |
||